000 00800nam a2200265Ia 4500
003 OSt
005 20220926020305.0
006 a|||||r|||| 00| 0
007 ta
008 220923b |||||||| |||| 00| 0 eng d
020 _a9780415332743
_c1804.04
037 _b4894, 28/01/2013, RAJKIRAN BOOK AGENCY
_cGeneral Book
040 _aRTL
_cRTL
_beng
041 _2eng
_aeng
082 _aU481, P6
100 _aBLUNT Alison
_9149575
245 0 _aHome.
260 _aNew York
_bRoutledge
_c2006
300 _axvi, 304p. Bib: p 269-293
_ccm.
490 _aKey ideas in geography
650 _aGeography
700 _a DOWLING Robyn
_9324060
942 _hU481, P6
_cGB
_2CC
999 _c633869
_d633869